Stars of women's soccer (Record no. 116533)

MARC details
000 -LÍDER
campo de controle de tamanho fixo 00629 a2200253 4500
001 - NÚMERO DE CONTROLE
campo de controle 116533
020 ## - ISBN - INTERNATIONAL STANDARD BOOK NUMBER
ISBN - International Standard Book Number 9780789213051
020 ## - ISBN - INTERNATIONAL STANDARD BOOK NUMBER
Informação qualificadora hardcover
041 ## - CÓDIGO DE IDIOMA
Código do idioma do texto/trilha sonora ou título diferente eng
082 ## - CDD - CLASSIFICAÇÃO DECIMAL DE DEWEY
Número de Classificação P Year 4 796
040 ## - FONTE DA CATALOGAÇÃO
Instituição da catalogação original DLC
Idioma da catalogação eng
Instituição que transcreveu o registro DLC
Instituição que modificou o registro BR-BrIDEA
Fontes convencionais de descrições de dados rda
050 ## - NÚMERO DE CONTROLE DA LIBRARY OF CONGRESS
Número de Classificação GV944.9.A1
Número do exemplar I55 2018
090 ## - NÚMERO DE CHAMADA LOCAL
Número de chamada (OCLC) (R); Número de chamada, CALL (RLIN) (NR) P Year 4 796
Número Cutter local (OCLC); Número de classificação do livro, CALL (RLIN) JEO
100 ## - ENTRADA PRINCIPAL--NOME PESSOAL
Nome pessoal Jèokulsson, Illugi
250 ## - EDIÇÃO
Edição New edition
260 ## - PUBLICAÇÃO, DISTRIBUIÇÃO, ETC.
Data da publicação, distribuição, etc. 2018
245 10 - TÍTULO
Título Stars of women's soccer
Indicação de responsabilidade, etc. text by Illugi Jèokulsson
300 ## - DESCRIÇÃO FÍSICA
Extensão 61 p.
490 ## - TÍTULO DA SÉRIE
Título da série World soccer legends
697 ## - ENTRADA DE ASSUNTO LOCAL--ENTIDADE COLETIVA (RLIN)
Nome corporativo ou nome da jurisdição Women Soccer players
697 ## - ENTRADA DE ASSUNTO LOCAL--ENTIDADE COLETIVA (RLIN)
Nome corporativo ou nome da jurisdição Biography
856 ## - LOCALIZAÇÃO ELETRÔNICA E ACESSO
Uniform Resource Identifier <a href="000004/000004e2.jpg">000004/000004e2.jpg</a>
942 ## - ELEMENTOS DE ENTRADA ADICIONADOS (KOHA)
Tipo de material Koha Livros
Holdings
Situação do descarte Situação das perdas Fonte da classificação ou esquema de arquivamento na estante Situação física Não pode ser emprestado Biblioteca de origem Biblioteca atual Data de aquisição Total de empréstimos Número de chamada completo Código de barras Data de último acesso Data do último empréstimo Data do preço efetivo Tipo de material Koha
    Classificação Decimal de Dewey     ECB - SUDOESTE ECB - SUDOESTE 21/02/2020 2 P Year 4 796 JEO 00049230SSW 26/06/2024 18/06/2024 23/01/2024 Livros
    Classificação Decimal de Dewey     ECB - SUDOESTE ECB - SUDOESTE 21/02/2020   P Year 4 796 JEO 00049231SSW 23/01/2024   23/01/2024 Livros
    Classificação Decimal de Dewey     ECB - SUDOESTE ECB - SUDOESTE 21/02/2020 5 P Year 4 796 JEO 00049232SSW 27/06/2024 20/06/2024 23/01/2024 Livros
    Classificação Decimal de Dewey     ECB - ÁGUAS CLARAS ECB - ÁGUAS CLARAS 18/02/2021 1 AP Year 4 796 JEO 00053230AGC 03/06/2024 27/05/2024 23/01/2024 Livros
    Classificação Decimal de Dewey     ECB - ÁGUAS CLARAS ECB - ÁGUAS CLARAS 18/02/2021   AP Year 4 796 JEO 00053231AGC 23/01/2024   23/01/2024 Livros